| 000 | 00706nam a2200229Ia 4500 | ||
|---|---|---|---|
| 003 | OSt | ||
| 005 | 20220926043408.0 | ||
| 006 | a|||||r|||| 00| 0 | ||
| 007 | ta | ||
| 008 | 220923b |||||||| |||| 00| 0 eng d | ||
| 037 | _cGeneral Book | ||
| 040 |
_aRTL _cRTL _beng |
||
| 041 |
_2eng _aeng |
||
| 082 | _aY:49(Q).236.N19t, F0 | ||
| 110 |
_aINDIA DISTURBANCES IN THE PUNJAB (Commission) (1918-19)(Chairman: William Hunter) _9347658 |
||
| 245 | 0 | _aReport | |
| 260 | _c1920 | ||
| 650 | _aCommunalism | ||
| 700 |
_aINDIA DISTURBANCES IN THE PUNJAB (Commission) (1918-19)(Chairman: William Hunter) _9347659 |
||
| 942 |
_hY:49(Q).236.N19t, F0 _cGB _2CC |
||
| 999 |
_c672173 _d672173 |
||